000 00614cam a22002051 4500
001 ca 36000096
003 DLC
005 20260227111139.0
008 890717s1936 maua 000 0 eng
010 _aca 36000096
035 _a(OCoLC)20018983
040 _aDLC
_cRPB
_dRPB
_dDLC
050 0 0 _aPS3503.A5587
_bG3 1936
082 _a812.5
100 1 _aBarbee, Lindsey,
_d1876-
245 1 0 _aGay youth;
_ba comedy in three acts,
_cby Lindsey Barbee ...
260 _aBoston, Mass.,
_aLos Angeles, Cal.
_b[Walter H. Baker Company,
_cc1936]
300 _a100 p.
_bdiagr.
_c19 cm.
490 0 _aBaker's edition of plays
999 _c17979
_d17979